000 00317nam a2200121Ia 4500
005 20251222141910.0
008 251222s9999||||xx |||||||||||||| ||spa||
082 _a303.3/G77
100 _aGrados Bertorini, Alfonso
245 0 _aConcertación social: ¿Alternativa o imperativo?
264 _bIntercampus
942 _cLIB
999 _c8354
_d8354